MDQL
is popping MORE tags! Check the
thread
!
Quizzes
Events
Quiz Creation
Community
Videos
Private Events
Remove Ads
Sign In
Join for FREE
Feedback
Dark Mode
Quiz Categories
Sports
Geography
Music
Movies
Television
Just For Fun
Miscellaneous
History
Literature
Language
Science
Gaming
Entertainment
Religion
Holiday
For Kids
Quiz Lab
Recent
Popular Today
Quiz Kudos Today
Editor Picks
Curator Picks
Quizzes by...
Day
Popularity
Type
Ratings
Length
Year
Community
Subscriptions
Recent Discussions
Orange Saloon
Badges
Playlists
Quests
Create
Leaderboards
Showdown
Live 5
Trivia Bingo
Activity
Puzzle Library
Sporcle Events
Private Events
Virtual Trivia
Globe League
Become a Host
Pub Owners
SporcleCon
Opinionation
Our Games
Videos
Blog
Mobile Apps
Partnerships
Remove Ads and Go Orange
Feedback
Movies
Disney
Marvel Cinematic Universe
Movie Resume
Movie Titles
Oscar
Actor
Actress
Director
Pixar
Role
Movie Quotes
Movie Characters
Box Office
Nominee
Best Picture
Star Wars
James Bond
Horror Movies
Movies
Disney
Marvel Cinematic Universe
Movie Resume
Movie Titles
Oscar
Actor
Actress
Director
Pixar
Role
Movie Quotes
Movie Characters
Box Office
Nominee
Best Picture
Star Wars
James Bond
Horror Movies
Random Quiz
Search Sporcle
×
Quiz Lab
Quiz Lab
Movies
Role
Type in answers that appear in a list
Type in answers that appear in a list
Classic
Best Score? Go Orange.
Eddie Murphy Movies By Role Stats
Can you name the Eddie Murphy Movies By Role He Played?
By
hagger
17m
31 Questions
195 Plays
195 Plays
195 Plays
Comments
Comments
Give Quiz Kudos
Give Quiz Kudos
-
- Ratings
hide this ad
Forced Order
Answers have to be entered in order
Answers have to be entered in order
Replay
Link that replays current quiz
Next Quiz
Link to next quiz in quiz playlist
You Got
0%
They Got
Avg Score
51%
Avg Friend Score
Upgrade to see
Score Distribution
Jump to the score distribution portion of the page
Score
0/31
Timer
17:00
0
Plays Today
Role
Movie
% Correct
Donkey (voice)
Shrek I, II, III, IIII
88.2%
Det. Axel Foley
Beverly Hills Cop I, II, III
84.1%
Prince Akeem, Clarence, Randy Watson, Saul
Coming to America
82.1%
Klump's (all of them)
The Nutty Professor
80.5%
Norbit Rice, Rasputia Latimore-
Rice, Mr. Wong
Norbit
73.8%
Reggie Hammond
48 Hrs.
72.8%
Billy Ray Valentine
Trading Places
71.3%
Himself (stand-
up)
Raw
66.7%
Reggie Hammond
Another 48Hrs.
65.1%
Klump's (all of them)
Nutty Professor II: The Klumps
64.1%
Mushu (voice)
Mulan
62.6%
Himself (stand-
up)
Delirious
56.9%
Pluto Nash
The Adventures of Pluto Nash
55.9%
Dr. John Dolittle
Doctor Dolittle I, II
54.4%
Marcus Graham
Boomerang
53.3%
Starship Dave (Spacecraft), Captain
Meet Dave
50.8%
Role
Movie
% Correct
James 'Thunder' Early
Dreamgirls
46.7%
Quick (Real Name Vernest Brown)
Harlem Nights
45.1%
Rayford 'Ray' Gibson
Life
45.1%
Thomas Jefferson Johnson
The Distinguished Gentleman
43.1%
Chandler Jarrell
The Golden Child
42.6%
Kit Ramsey, Jeffernson 'Jiff' Ramsey
Bowfinger
39.5%
Maximillian, Preacher Pauly, Guido
Vampire in Brooklyn
36.9%
Insp. Scott Roper
Metro
34.9%
Lieutenant T.M. Landry
Best Defense
31.8%
Charles 'Charlie' Hinton
Daddy Day Care
31.3%
Officer Trey Sellers
Showtime
30.8%
Jim Evers
The Haunted Mansion
29.2%
Kelly Robinson
I Spy
27.2%
G
Holy Man
24.1%
Evan Danielson
Imagine That
19.5%
Quiz Playlist
Details
Report
Send in Message
Add To Playlist
Classic:
Type in answers that appear in a list
Forced Order:
Answers have to be entered in order
Last Updated: Feb 16, 2017
Quiz Scoreboard
CHALLENGE
Sign Up to Join the Scoreboard
Show All
Scores
Hide
Comments
May contain spoilers
Recently Published
Find the 'City' Movie
by crazypaving
Movies
60s
5x2 Blitz: Bands
by SL_Kpop136
Music
30s
Colored Red Africa Blitz
by spor1
Geography
30s
More to Explore
Quiz From the Vault
Featured Blog Post
14 Easter Pick-up Lines to Find Eggs With
hide this ad
You Might Also Like...
Tags
Role Quiz
Eddie
Eddie Murphy
Murphy
Today's Top Quizzes in Movies
Browse Movies
hide this ad
Today's Top Quizzes in Role
Browse Role
Top Contributed Quizzes in Movies
1
Find The 'Big' Movie
2
Find The 'Blue' Movie
3
Find The 'Wild' Movie
4
Movies By Plot
5
Hidden Star Wars Character II
6
Pick 5 Posters: Directed by Spielberg
7
Hidden Star Wars Character III
8
Hidden Star Wars Character IV
9
25 Best Actor Nominees (1990s)
10
Alfred Hitchcock Movies by Plot
Explore More
Trending Topics
Kpop
NBA
Anime
Harry Potter
Disney
Marvel
Crossword
The Office
Country
Puzzle
NFL
Soccer
Pokémon
Song
WWE
hide this ad
More By:
hagger
Quiz
Plays
Rating
Category
Featured
Created
Time Warp Lyrics Rocky Horror Picture Show
1,786
2.94
Music
Jan 7, 2010
Most Expensive Movies Ever Made
487
3.33
Movies
Jan 6, 2010
Tom Hanks Movies By Role
448
3.63
Movies
Jul 19, 2010
Johnny Depp Movies By Role
377
3.50
Movies
Jul 20, 2010
Top 10 Longest-Running Musicals UK
300
Entertainment
Feb 1, 2010
Go to Creator's Profile
Score Distribution
Quiz Creator Spotlight
hagger
Follow
Send a Message
Quizzes Created
-
Created Quiz Play Count
-
More By This Creator
Popular Quizzes Today
1
Colored Red Africa Blitz
2
Find the 'City' Movie
3
Find the US States - No Outlines Minefield
4
5x2 Blitz: Bands
5
The Countries of the World
6
Find the US States
7
US States
8
Find the Countries of Europe - No Outlines Minefield
More Movies Quizzes
'I' Movies by Picture II
Published
Trending Quizzes
Colored Red Europe Blitz I
Colored Red Africa Blitz II
Colored Red Europe Blitz II
Colored Red Africa Blitz III
Colored Red Europe Blitz III
Recently Updated
How Do You Spell That?
pecheneg
Godzilla Movies
pecheneg
Grab Bag: 4-10 Letters
pecheneg
2024 March Madness Bracket
pecheneg
Famous TV Couples
Peacemaker
Champions League XIs: Real Madrid
pecheneg
Largest US Cities 1790-2010
pecheneg
Rides in Walt Disney World
pecheneg
Most Oscar Losses (Acting)
pecheneg
Beyoncé Albums
pecheneg
Trending Topics
Kpop
Anime
Crossword
Harry Potter
Disney
Marvel
NBA
WWE
The Office
Song
Puzzle
NFL
Soccer
Country
Pokémon
Your Account Isn't Verified!
In order to create a playlist on Sporcle, you need to verify the email address you used during registration. Go to your
Sporcle Settings
to finish the process.
Report this User
Report this user for behavior that violates our
Community Guidelines
.
Details:
Send Report
Go to the Sporcle.com Mobile Site →
Comments